000 01214nam a2200289Ia 4500
001 ironmustang00loga
003 CaSfIA
005 20210118103743.0
007 cr||||
008 971028s1978 nyu 000 1 eng d
040 _aBUF
_cBUF
_dBAKER
_dCaSfIA
020 _a0867211024
020 _a9780867211023
035 _a(OCoLC)37855467
050 4 _aPS3562.O446
_bI76 1978
100 1 _aLogan, Jake.
245 1 0 _aIron mustang /
_h[electronic resource]
_cJake Logan.
260 _aNew York :
_bPlayboy Paperbacks,
_c1978.
300 _a172 p. ;
_c18 cm.
440 0 _aPlayboy paperbacks western
440 4 _aThe original adult western ;
_v42
856 4 1 _uhttp://www.archive.org/details/ironmustang00loga
_zFree eBook from the Internet Archive
856 4 2 _uhttp://www.openlibrary.org/books/OL24279630M
_zAdditional information and access via Open Library
942 _cEB
506 _fНеобхідна авторизація на https://archive.org/ (створення облікового запису безкоштовно)
506 _fНеобхідна авторизація на https://openlibrary.org/ (створення облікового запису безкоштовно)
999 _c512993
_d512993